Past Lives Lyrics - Statistics

General Stats
  • This quiz has been taken 7 times
  • The average score is 3 of 21
Answer Stats
Hint Answer % Correct
1 Past lives Couldn't Ever hold me Down
100%
7 Don't Wake me Im Not Dreaming
33%
8 Don't Wake Me im Not Dreaming
33%
3 I've Got The Strangest feeling
33%
4 This isn't Our first Time Around
33%
5 Past Lives Couldn't ever come Between Us
17%
9 All my past Lives
0%
14 Countless Centuries
0%
15 Don't You Renember?
0%
11 Golden Eagle, you're The One and only flying High
0%
13 I'll Take You way back
0%
19 I Never Thought i'd Wait so long For You
0%
2 Lost Love Is sweeter When Is Finally found
0%
17 Meant To Be my Love
0%
6 Some time, The Dreamers finally Wake Up
0%
16 That You were meant to be My Queen Of hearts
0%
21 The stars are Aligned
0%
20 The Timing Is Right
0%
10 They've Got Nothing On me
0%
18 Through All of my Lives
0%
12 Through The cities In The Sky
0%
No matching quizzes found
Score Distribution
Percent of People with Each Score
Percentile by Number Answered
Your Score History
You have not taken this quiz